Efektívne schémy rovnováhy sieťových odvetví na cenovo regulovaných trhoch

Opis všeobecných schém cenovej regulácie sieťových odvetví. Regulácia miery návratnosti investícií. Cenová regulácia na báze návratnosti výstupu. Cenová regulácia na báze návratnosti predaja. Schéma cenovej regulácie na báze návratnosti nákladov.

Gespeichert in:
Bibliographische Detailangaben
1. Verfasser: Fendeková, Eleonora, 1952-
Format: Buchkapitel
Sprache:Slowakisch
Schlagworte:
Tags: Tag hinzufügen
Keine Tags, Fügen Sie das erste Tag hinzu!

MARC

LEADER 00000nla a2200000 4500
001 0237752
005 20240502073838.2
041 0 |a slo 
044 |a SK 
245 1 0 |a Efektívne schémy rovnováhy sieťových odvetví na cenovo regulovaných trhoch  |c Eleonora Fendeková 
520 |a Opis všeobecných schém cenovej regulácie sieťových odvetví. Regulácia miery návratnosti investícií. Cenová regulácia na báze návratnosti výstupu. Cenová regulácia na báze návratnosti predaja. Schéma cenovej regulácie na báze návratnosti nákladov. 
610 2 0 |a odvetvia sieťové 
610 2 0 |a regulácia cenová 
610 2 0 |a regulácia finančná 
610 2 0 |a návratnosť investícií 
100 1 |a Fendeková, Eleonora, 1952-